All Valve games - Statistics

General Stats
  • This quiz has been taken 88 times
  • The average score is 18 of 58
Answer Stats
Hint Answer % Correct
1998 Half-Life
99%
2004 Half-Life 2
97%
2007 Portal
85%
2000 Counter-Strike
84%
2011 Portal 2
84%
2007 Team Fortress 2
79%
2013 Dota 2
69%
2020 Half-Life: Alyx
67%
2012 Counter-Strike: Global Offensive
64%
2008 Left 4 Dead
64%
2023 Counter-Strike 2
63%
2009 Left 4 Dead 2
63%
1999 Team Fortress Classic
63%
2001 Half-Life: Blue Shift
55%
1999 Half-Life: Opposing Force
54%
2004 Half-Life: Source
49%
2003 Day of Defeat
46%
2000 Ricochet
40%
2018 Artifact
39%
2004 Counter-Strike: Condition Zero
34%
2005 Day of defeat: Source
34%
2006 Half-Life 2: Episode One
34%
2007 Half-Life 2: Episode two
34%
2004 Half-Life 2: Deathmatch
33%
2005 Garry's mod
31%
2005 Half-Life 2: Lost Coast
30%
2001 Half-Life: Decay
28%
2022 Aperture Desk Job
27%
2016 The Lab
27%
2001 Deathmatch Classic
24%
2010 Alien Swarm
18%
2006 Half-Life Deathmatch: Source
18%
1999 Half-Life: Uplink
18%
2019 Dota Underlords
16%
2004 Counter-Strike: Condition Zero Deleted Scenes
13%
2019 Aperture Hand Lab
10%
1998 Half-Life: Day one
9%
2008 Portal: Still Alive
7%
2004 Codename: Gordon
6%
2003 Counter-Strike Neo
6%
2014 Counter-Strike: Nexon Zombies
6%
2006 Half-Life 2: Survivor
6%
2013 Counter-Strike Online 2
4%
2003 Half-Life 2 Beta
4%
1997 Half-Life Beta
4%
2008 Portal: First Slice
3%
TBD In the Valley of Gods
1%
2014 Left 4 Dead 2: Survivors
1%
2010 Left 4 Dead 2: The Passing
1%
2012 Left 4 Dead: Cold Stream
1%
2009 Left 4 Dead: Crash Course
1%
2009 Left 4 Dead: Survival Pack
1%
2010 Left 4 Dead: The Sarcrifice
1%
2011 Portal 2: Peer Review
1%
2012 Portal 2: Perpetual Testing Initiative
1%
2011 Portal 2: Sixense MotionPack
1%
2004 Сounter-Strike: Source
0%
TBD White Sands (Half-Life 3?)
0%
No matching quizzes found
Score Distribution
Percent of People with Each Score
Percentile by Number Answered
Your Score History
You have not taken this quiz